| 000 | 01255nabaa22002057a 4500 | ||
|---|---|---|---|
| 999 |
_c6138 _d6138 |
||
| 003 | OSt | ||
| 005 | 20260122230530.0 | ||
| 008 | 190701b xxu||||| |||| 00| 0 spa d | ||
| 040 | _cPJ | ||
| 100 |
_96896 _aBonato, Mauro R. |
||
| 245 | 1 | 0 |
_aCuestiones de revocación de actos y contratos administrativos por razones de interés público / _cMauro R. Bonato. |
| 300 | _ap. 68-101 | ||
| 505 | _aSumario: I. Introducción.— II. Concepto.— III. Fundamento.— IV. La figura en derecho comparado y en el derecho positivo nacional.— V. El debate sobre la necesidad de ley formal.— VI. Supuestos de procedencia.— VII. Órgano competente para revocar.— VIII. Ámbito de aplicación.— IX. Oportunidad temporal para la revocación.— X. Procedimiento.— XI. Efectos.— XII. Control judicial.— XIII. La indemnización.— XIV. A modo de colofón. | ||
| 505 | _t¿Te interesa el texto completo? Comunicate al correo: koha@justierradelfuego.gov.ar | ||
| 650 | 0 |
_9211 _aDERECHO ADMINISTRATIVO |
|
| 650 | 0 |
_91171 _aACTO ADMINISTRATIVO |
|
| 650 | 0 |
_96897 _aREVOCACIÓN DEL ACTO ADMINISTRATIVO |
|
| 773 | 0 |
_02842 _93251 _dBuenos Aires : AbeledoPerrot, 2012- _oDA121 _tDerecho administrativo. Nº 149 septiembre/octubre 2023 _z18510590 |
|
| 942 |
_2udc _cANA |
||